The Littles go on a hike / (Record no. 5666)

MARC details
000 -LEADER
fixed length control field 01191cam a2200373 a 4500
001 - CONTROL NUMBER
control field 5666
003 - CONTROL NUMBER IDENTIFIER
control field FISKH
005 - DATE AND TIME OF LATEST TRANSACTION
control field 20250110084329.0
008 - FIXED-LENGTH DATA ELEMENTS--GENERAL INFORMATION
fixed length control field 020614s2002 nyua b 000 1 eng d
010 ## - LIBRARY OF CONGRESS CONTROL NUMBER
LC control number 2002283632
020 ## - INTERNATIONAL STANDARD BOOK NUMBER
International Standard Book Number 0439317185
020 ## - INTERNATIONAL STANDARD BOOK NUMBER
International Standard Book Number 078073003990
040 ## - CATALOGING SOURCE
Original cataloging agency CO2
Transcribing agency CO2
Modifying agency DLC
Language of cataloging eng
050 ## - LIBRARY OF CONGRESS CALL NUMBER
Classification number PZ7.S6294
082 ## - DEWEY DECIMAL CLASSIFICATION NUMBER
Classification number 557
100 1# - MAIN ENTRY--PERSONAL NAME
Personal name Slater, Teddy.
245 14 - TITLE STATEMENT
Title The Littles go on a hike /
Statement of responsibility, etc. adapted by Teddy Slater from The Littles take a trip by John Peterson ; illustrated by Jacqueline Rogers.
260 ## - PUBLICATION, DISTRIBUTION, ETC.
Place of publication, distribution, etc. New York :
Name of publisher, distributor, etc. Scholastic,
Date of publication, distribution, etc. 2002.
300 ## - PHYSICAL DESCRIPTION
Extent 32 pages :
Other physical details color illustrations ;
Dimensions 23 cm
440 #0 - SERIES STATEMENT/ADDED ENTRY--TITLE
Title Littles first readers
505 ## - FORMATTED CONTENTS NOTE
Formatted contents note K<br/>
520 ## - SUMMARY, ETC.
Summary, etc. The Little family embarks on a perilous hike to visit their neighbors.
521 ## - TARGET AUDIENCE NOTE
Target audience note 520<br/>
Source Lexile<br/>
521 ## - TARGET AUDIENCE NOTE
Target audience note K<br/>
Source Raz-Plus<br/>
650 #0 - SUBJECT ADDED ENTRY--TOPICAL TERM
Topical term or geographic name entry element Children's stories.
650 #0 - SUBJECT ADDED ENTRY--TOPICAL TERM
Topical term or geographic name entry element Fantasy.
650 #1 - SUBJECT ADDED ENTRY--TOPICAL TERM
Topical term or geographic name entry element Hiking
Form subdivision Fiction.
650 #1 - SUBJECT ADDED ENTRY--TOPICAL TERM
Topical term or geographic name entry element Families
Form subdivision Fiction.
700 1# - ADDED ENTRY--PERSONAL NAME
Personal name Rogers, Jacqueline,
Dates associated with a name 1958-
Relator term illustrator
700 12 - ADDED ENTRY--PERSONAL NAME
Personal name Peterson, John,
Dates associated with a name 1924-2002.
Title of a work Littles take a trip.
906 ## - LOCAL DATA ELEMENT F, LDF (RLIN)
a 7
b cbc
c copycat
d 3
e ncip
f 20
g y-gencatlg
942 ## - ADDED ENTRY ELEMENTS (KOHA)
Source of classification or shelving scheme Dewey Decimal Classification
Koha item type Books
Suppress in OPAC No
Holdings
Withdrawn status Lost status Source of classification or shelving scheme Damaged status Not for loan Collection Home library Current library Shelving location Date acquired Total Checkouts Full call number Barcode Date last seen Price effective from Koha item type
    Dewey Decimal Classification     Juvenile Fiction Footprints International School Library Network Toul Kork Campus Footprints International School Library Network Toul Kork Campus TK Primary Library Room(4th Floor), Bookcase 3&4, Shelves 17-32, Yellow Books 01/10/2025   SLA 557 PZ7.S6294 2025-0021 01/10/2025 01/10/2025 Books